| 000 | 00400cam a2200157ua 4500 | ||
|---|---|---|---|
| 041 |
_aeng _h |
||
| 082 |
_a070.4 _bSRI/PR |
||
| 100 | _aSrinivasan, C R . | ||
| 245 |
_aPress and the public / _cC R Srinivasan. _hTextual Documents |
||
| 250 |
_a1 / _b. |
||
| 260 |
_aThiruvananthapuram : _bUniversity of Travancore , _c1944. |
||
| 300 | _a78 ; . | ||
| 504 | _a | ||
| 942 | _cBK | ||
| 999 |
_c1501 _d1501 |
||